000 00735nam a2200229Ia 4500
003 OSt
005 20220923220506.0
006 a|||||r|||| 00| 0
007 ta
008 220922b |||||||| |||| 00| 0 hin d
024 _a186,962
037 _cTextual
040 _aARTS
_cARTS
_bhin
041 _2hin
_ahin
082 _aX61.2v, 152J51
100 _aगुप्ता, गिरिराज प्रसाद
245 0 _aभारतीय मुद्रा का इतिहास 18 -1951
246 _aBhāratīya mudrā kā itihās 1800-1951
260 _c1955
942 _hX61.2v, 152J51
_cTEXL
_2CC
999 _c340205
_d340205